| 000 | 00402nam a22001697a 4500 | ||
|---|---|---|---|
| 999 |
_c2682 _d2681 |
||
| 005 | 20210915121459.0 | ||
| 008 | 160614b xxu||||| |||| 00| 0 eng d | ||
| 020 | _a81-203-2647-4 | ||
| 041 | _aeng | ||
| 082 |
_b7497 _a320 |
||
| 100 |
_aPrabhu, C.S.R. _9190 |
||
| 245 | _aE-GOVERNANCE: Concepts and case studies | ||
| 260 |
_bPHI _c2004 |
||
| 300 | _a241 | ||
| 650 |
_aManagement _9241 |
||
| 942 | _cBK | ||